Élections Présidentielles 2022 - Partis Politiques - Statistiques

Statistiques générales
  • Ce quiz a été pris 304 fois
  • Le résultat moyen est 10 sur 12
Statistiques - réponses
Candidat Parti Politique % Correct
Marine Le Pen Rassemblement National
98%
Jean-Luc Mélenchon La France Insoumise
97%
Éric Zemmour Reconquête
92%
Emmanuel Macron La République en Marche
90%
Fabien Roussel Parti Communiste Français
88%
Valérie Pécresse Les Républicains
87%
Yannick Jadot Europe Écologie Les Verts
85%
Nathalie Arthaud Lutte Ouvrière
83%
Anne Hidalgo Parti Socialiste
83%
Philippe Poutou Nouveau Parti Anticapitaliste
71%
Nicolas Dupont-Aignan Debout la France
66%
Jean Lassalle Résistons
50%
Aucun quiz correspondant
Distribution des résultats
% des personnes avec chaque résultat
Percentile par nombre de réponses
Votre historique - résultats
Vous n’avez pas pris ce quiz